书目信息 |
| 题名: |
炭素工艺学
|
|
| 作者: | 钱湛芬 主编 | |
| 分册: | ||
| 出版信息: | 北京 冶金工业出版社 1996 |
|
| 页数: | 218页 | |
| 开本: | 27cm | |
| 丛书名: | ||
| 单 册: | ||
| 中图分类: | TQ165 | |
| 科图分类: | ||
| 主题词: | 炭素材料--生产工艺 | |
| 电子资源: | ||
| ISBN: | 978-7-5024-1842-7 | |
| 000 | 00821nam0 2200229 450 | |
| 001 | 353 | |
| 001 | 01XX07942349@CSLN | |
| 005 | 20160905165717.79 | |
| 010 | @a978-7-5024-1842-7@dCNY24.80 | |
| 100 | @a*9991001d*985 km y0chiy0110 ea | |
| 101 | 0 | @achi |
| 102 | @aCN@b110000 | |
| 105 | @ay z000yy | |
| 200 | 1 | @a炭素工艺学 |
| 210 | @a北京@c冶金工业出版社@d1996@h2011 | |
| 215 | @a218页@d27cm | |
| 330 | @a本书阐述了炭和石墨制品的基本性能、主要产品和质量要求,对迅速发展中的新型炭素材料作了介绍。其主要内容为以炭和石墨制品为主线的生产过程,论述了各工序的工艺原理、设备构造、技术操作、影响因素等问题。本书还收集并介绍了近年来在炭素工艺方面的新技术、新工艺和新设备。 | |
| 606 | 0 | @a炭素材料@x生产工艺 |
| 690 | @aTQ165@v4 | |
| 701 | 0 | @a钱湛芬@4主编 |
| 801 | 0 | @aCN@b唐山师范学院图书馆@c20160721 |
| 905 | @aZUCC@dTQ165@e2 | |
| 炭素工艺学.-北京:冶金工业出版社,1996(2011) |
| 218页;27cm |
| ISBN 978-7-5024-1842-7:CNY24.80 |
| 本书阐述了炭和石墨制品的基本性能、主要产品和质量要求,对迅速发展中的新型炭素材料作了介绍。其主要内容为以炭和石墨制品为主线的生产过程,论述了各工序的工艺原理、设备构造、技术操作、影响因素等问题。本书还收集并介绍了近年来在炭素工艺方面的新技术、新工艺和新设备。 |
| ● |
| 相关链接 |
|
|
|
|
正题名:炭素工艺学
索取号:TQ165/2
 
预约/预借
| 序号 | 登录号 | 条形码 | 馆藏地/架位号 | 状态 | 备注 |
| 1 | 901520 | 209015206 | 第二样本阅览室/ [索取号:TQ165/2] | 在馆 | |
| 2 | 901521 | 209015215 | 第三借阅区/ [索取号:TQ165/2] | 在馆 | |
| 3 | 901522 | 209015224 | 第三借阅区/ [索取号:TQ165/2] | 在馆 |